| 000 | 00497nam a22001817a 4500 | ||
|---|---|---|---|
| 005 | 20260423121632.0 | ||
| 008 | 260423b |||||||| |||| 00| 0 eng d | ||
| 020 |
_a9789386479037 _c295.00 |
||
| 040 | _aMAIN | ||
| 041 | _aEnglish | ||
| 082 |
_a539.7 _bNUC |
||
| 100 |
_aRudhitskaya, O. (ed) _926697 |
||
| 245 | _aKlimov Nuclear Physics and Nuclear Reactors | ||
| 260 |
_aNew Delhi _bMedTech Science Press _c2018 |
||
| 300 | _a404 | ||
| 650 |
_aPhysics Physics (PM USHA) _926700 |
||
| 942 | _cBK | ||
| 999 |
_c60695 _d60695 |
||